|
|
|
|
| LEADER |
00000cam a2200000 i 4500 |
| 001 |
1/79474 |
| 008 |
080331s2008 enk| ||| |||| ||eng|| |
| 020 |
|
|
|a 9783540717669
|
| 035 |
|
|
|l 10095974
|
| 040 |
|
|
|a GR-MyUA
|b gre
|e AACR2
|
| 041 |
1 |
|
|a eng
|h ger
|
| 082 |
0 |
|
|a 006.4
|2 (22)
|
| 100 |
1 |
|
|a Fink, Gernot A.
|
| 245 |
1 |
0 |
|a Markov models for pattern recognition :
|b from theory to applications /
|c Gernot A. Fink.
|
| 260 |
|
|
|a London :
|b Springer,
|c c2008.
|
| 300 |
|
|
|a xii, 248 σ. ;
|c 24 εκ.
|
| 500 |
|
|
|a Τίτλος πρωτοτύπου: Mustererkennung mit Markov-Modellen.
|
| 504 |
|
|
|a Βιβλιογραφία: σ. 227-244. Ευρετήριο.
|
| 650 |
0 |
0 |
|a Pattern perception
|x Mathematical models.
|
| 650 |
0 |
0 |
|a Markov processes.
|
| 852 |
|
|
|a INST
|b CHIOS
|e 20080331
|h 006.4 FIN
|p 005200027494
|q 005200027494
|t BK
|y 0
|
| 901 |
|
|
|a BIBL2-2008-1
|
| 909 |
|
|
|a Χ
|b 151327
|
| 922 |
|
|
|a 2ΕΛΗ
|b 200803
|c ΕΠΕΑΕΚ2/ΤΜΟΔ
|d ΠΑΠΑΣΩΤΗΡΙΟΥ
|
| 970 |
|
|
|a ΒΑΡΦΗΣ
|b ΒΑΓΓΕΛΗΣ
|z 2008/03/31
|